[Event "Challenge"]
[Site "http://www.queenalice.com/game.php?id=1862469"]
[Date "2025.9.3"]
[Round "-"]
[White "maurice916"]
[Black "marcomasa"]
[Result "0-1"]
[WhiteElo "1865"]
[BlackElo "2089"]

1. Nf3 Nc6 2. b3 e5 3. d3 Bc5 4. Bb2 d6 5. Nbd2 Nf6 6. h3 h6 7. e4 Qe7 8. Be2
Be6 9. c3 a6 10. Qc2 Ba7 11. O-O g5 12. Nh2 h5 13. Kh1 h4 14. f3 Nh5 15. Rad1
Ng3# 0-1

[Event "Challenge"]
[Site "http://www.queenalice.com/game.php?id=1862554"]
[Date "2025.9.4"]
[Round "-"]
[White "jogo"]
[Black "marcomasa"]
[Result "0-1"]
[WhiteElo "1636"]
[BlackElo "2110"]

1. e4 e5 2. Nf3 Nc6 3. c3 Nf6 4. Qa4 d6 5. Bb5 Bd7 6. Qc2 a6 7. Be2 Qe7 8. O-O
g6 9. h3 Bg7 10. Rd1 h6 11. d4 g5 0-1

[Event "Challenge"]
[Site "http://www.queenalice.com/game.php?id=1862555"]
[Date "2025.9.4"]
[Round "-"]
[White "marcomasa"]
[Black "jogo"]
[Result "1-0"]
[WhiteElo "2111"]
[BlackElo "1634"]

1. e4 c5 2. Bc4 e6 3. Nf3 d5 4. exd5 exd5 5. Bb5+ Bd7 6. Bxd7+ Nxd7 7. d3 Qe7+
8. Kf1 h6 9. Bf4 g5 10. Bg3 O-O-O 11. Nc3 d4 12. Nb5 1-0

[Event "Challenge"]
[Site "http://www.queenalice.com/game.php?id=1862733"]
[Date "2025.9.8"]
[Round "-"]
[White "maurice916"]
[Black "marcomasa"]
[Result "0-1"]
[WhiteElo "1821"]
[BlackElo "2101"]

1. Nf3 Nc6 2. d4 d5 3. Bf4 Bf5 4. c3 h6 5. h3 Nf6 6. e3 e6 7. Nbd2 Bd6 8. Ne5
Bxe5 9. dxe5 Nd7 10. Nf3 a6 11. Be2 Qe7 12. Qb3 b5 13. Nd4 Nxd4 14. exd4 c6 15.
a4 O-O 16. O-O Nb6 17. axb5 cxb5 18. Qd1 Qd7 19. g4 g5 20. Bg3 Bh7 21. f4 f5 22.
gxf5 exf5 23. Kg2 Rf7 24. Bf3 Rg7 25. Kh2 Nc4 26. Qe2 g4 27. Bg2 gxh3 28. Bxh3
Qe8 29. Rg1 Nd6 30. Qh5 Qxh5 0-1

[Event "Challenge"]
[Site "http://www.queenalice.com/game.php?id=1862813"]
[Date "2025.9.10"]
[Round "-"]
[White "marcomasa"]
[Black "maurice916"]
[Result "1-0"]
[WhiteElo "2105"]
[BlackElo "1888"]

1. e4 c6 2. Bc4 d5 3. exd5 cxd5 4. Bb3 Nf6 5. h3 g6 6. Nf3 Bg7 7. d4 O-O 8. Nc3
Nc6 9. a3 Re8 10. Be3 Ne4 11. Nxe4 dxe4 12. Ng5 e6 13. Nxe4 Nxd4 14. Ba2 Nf5 15.
Qc1 Nxe3 16. fxe3 Qb6 17. c3 Bd7 18. O-O Bc6 19. Nd6 Re7 20. Nc4 Qc7 21. Qc2 Rd8
22. Rad1 Red7 23. Rd2 Qg3 24. Rff2 Bh6 25. Rxd7 Rxd7 26. Re2 Bb5 27. Qc1 Bc6 28.
Qe1 Qg5 29. h4 Qg4 30. Ne5 Qf5 31. Nxd7 Bxd7 32. Rd2 Kg7 33. Rxd7 Qe4 34. Rd4
Qxe3+ 35. Kf1 Qxe1+ 36. Kxe1 Bc1 37. Rb4 b6 38. a4 e5 39. b3 Ba3 40. Rc4 Bc5 41.
b4 Bd6 42. Rc8 e4 43. Rd8 Be5 44. Kd2 Bf6 45. Rd7 1-0

[Event "Challenge"]
[Site "http://www.queenalice.com/game.php?id=1862826"]
[Date "2025.9.11"]
[Round "-"]
[White "Capixaba789"]
[Black "marcomasa"]
[Result "1/2-1/2"]
[WhiteElo "1946"]
[BlackElo "2110"]

1. d4 d5 2. Nc3 Bf5 3. Nf3 Nc6 4. a3 Nf6 5. e3 a6 6. Bd3 Qd7 7. O-O h6 8. Ne2 g5
9. Ne5 Nxe5 10. dxe5 Nh7 11. Nd4 Be6 12. f4 Bg4 13. Qe1 c5 14. Nf3 Bg7 15. Qg3
O-O-O 16. c3 f6 17. h3 Be6 18. b4 c4 19. Bc2 h5 20. Nd4 h4 21. Qf2 g4 22. f5 g3
23. Qf3 Ng5 24. Qf4 Bg8 25. e6 Qe8 26. Qg4 Rd6 27. a4 Qh5 28. Qxh5 Rxh5 29. Ba3
Bf8 30. b5 Rd8 31. bxa6 bxa6 32. Rfb1 Kc7 33. a5 Ra8 34. Rb6 Ne4 35. Bxe4 dxe4
36. Rab1 Rh7 37. Rb7+ Kc8 38. R7b4 Bh6 39. Rxc4+ Kd8 40. Nc6+ Ke8 41. Rxe4 Rg7
42. Reb4 Bxe3+ 43. Kf1 Bf4 44. Rxf4 Rg5 45. Bxe7 Bh7 46. Rxh4 Rxf5+ 47. Kg1 Bg8
48. Bd6 Rg5 49. c4 Bxe6 50. c5 Kd7 51. Nd4 Bg8 52. Rg4 Rxg4 53. hxg4 Bc4 54.
Bxg3 Rg8 55. Bd6 Rxg4 56. Nf3 Bd5 57. Kf2 Ra4 58. Re1 Rxa5 59. Re7+ Kd8 60. Bc7+
Kxe7 61. Bxa5 Bb7 62. Nd4 Kd7 63. g3 Ke7 64. c6 Bc8 65. c7 Kf7 66. Kf3 Ke7 67.
Kf4 Kf7 68. g4 Ke7 69. g5 fxg5+ 70. Kxg5 Kd6 71. Kf4 Kd5 72. Ke3 Kc5 73. Kd3 Kd5
74. Kc3 Kc5 75. Nb3+ Kb5 76. Kb2 Kc4 77. Ka3 Kb5 78. Be1 Kc6 79. Bg3 Kb5 80.
Nd4+ Kc5 81. Ne2 Kb5 82. Nf4 Ka5 83. Nd5 Kb5 84. Ne7 Bd7 85. c8=Q Bxc8 86. Nxc8
Ka5 87. Nd6 1/2-1/2

[Event "Challenge"]
[Site "http://www.queenalice.com/game.php?id=1863051"]
[Date "2025.9.14"]
[Round "-"]
[White "maurice916"]
[Black "marcomasa"]
[Result "0-1"]
[WhiteElo "1824"]
[BlackElo "2105"]

1. Nf3 Nc6 2. b3 e5 3. d3 Bc5 4. Bb2 d6 5. e4 Bg4 6. Be2 Bh5 7. O-O Nf6 8. Nbd2
Qe7 9. a3 a6 10. b4 Ba7 11. Re1 Bxf3 12. Nxf3 h6 13. Bf1 g5 14. Nd2 g4 15. Qe2
O-O-O 16. c4 Rdg8 17. Nb3 g3 18. d4 gxh2+ 19. Kh1 h5 20. Rad1 h4 21. c5 Ng4 22.
f3 Nf6 23. d5 Nh5 24. Qf2 Nd8 25. Kxh2 Nf4 26. Bc1 Qf6 27. Kh1 Rg3 28. Bxf4 Qxf4
29. Bd3 h3 30. Kg1 Rxg2+ 31. Qxg2 hxg2 32. Kf2 Rh2 33. Rg1 Qh4+ 34. Ke3 Rh1 35.
Nd2 dxc5 36. Rc1 cxb4+ 37. Ke2 Qf2+ 0-1

[Event "Challenge"]
[Site "http://www.queenalice.com/game.php?id=1863310"]
[Date "2025.9.23"]
[Round "-"]
[White "marcomasa"]
[Black "maurice916"]
[Result "1-0"]
[WhiteElo "2114"]
[BlackElo "1801"]

1. e4 c6 2. Bc4 d5 3. exd5 cxd5 4. Bb3 Nf6 5. Nf3 Bg4 6. h3 Bh5 7. g4 Bg6 8. d3
e6 9. Qe2 Nbd7 10. d4 h6 11. Nc3 a6 12. a3 Be7 13. Bf4 Rc8 14. Qd2 b5 15. Bh2
Nb6 16. Ne5 Nc4 17. Nxc4 dxc4 18. Ba2 b4 19. Ne2 a5 20. O-O O-O 21. f3 Nd5 22.
Nf4 Nxf4 23. Bxf4 Qb6 24. Bg3 Rfd8 25. Bf2 Qb7 26. Bg3 a4 27. axb4 Bxb4 28. c3
Bd6 29. f4 Bd3 30. Rf2 Qb8 31. Bb1 Bxb1 32. Rxb1 a3 33. Ra1 axb2 34. Qxb2 Qxb2
35. Rxb2 Rc6 36. Rba2 Rdc8 37. Ra8 Kh7 38. Rxc8 Rxc8 39. Ra6 Bf8 40. Ra7 Kg8 41.
h4 g6 42. Kg2 Bg7 43. h5 gxh5 44. gxh5 Bf6 45. Kh3 Kf8 46. Kg2 Rc6 47. Kh3 Rc8
48. Ra6 Kg7 49. Kg4 Kh7 50. Kf3 Bh8 51. Bh4 Bg7 52. Ke4 Rc7 53. Bd8 Rd7 54. Bb6
f6 55. Bc5 f5+ 56. Ke3 e5 57. fxe5 Bxe5 58. dxe5 Rd3+ 59. Kf4 Rxc3 60. e6 Rc1
61. Ra7+ Kg8 62. Kxf5 Rf1+ 63. Kg6 Rg1+ 64. Bxg1 1-0

[Event "Challenge"]
[Site "http://www.queenalice.com/game.php?id=1863363"]
[Date "2025.9.24"]
[Round "-"]
[White "maurice916"]
[Black "marcomasa"]
[Result "0-1"]
[WhiteElo "1781"]
[BlackElo "2112"]

1. Nf3 Nc6 2. b3 e5 3. e4 Bc5 4. Bb2 Qe7 5. d3 Nf6 6. Be2 d6 7. O-O Bd7 8. Re1
h6 9. Nbd2 g5 10. Rf1 Nh5 11. Nxe5 dxe5 12. Bxh5 O-O-O 13. Be2 Rdg8 14. Kh1 g4
15. f3 Qg5 16. g3 h5 17. fxg4 hxg4 18. Rxf7 Qh5 19. Nf1 Qxf7 20. Qe1 Bf2 21. Qd2
Rh3 22. Kg2 Rgh8 23. Bxg4 Bxg4 24. Qxf2 Qh5 25. Kg1 Nd8 26. Re1 Ne6 27. c3 Ng5
28. Re3 Nf3+ 29. Rxf3 Bxf3 30. Bc1 Be2 0-1

[Event "Challenge"]
[Site "http://www.queenalice.com/game.php?id=1863686"]
[Date "2025.10.1"]
[Round "-"]
[White "maurice916"]
[Black "marcomasa"]
[Result "0-1"]
[WhiteElo "1828"]
[BlackElo "2119"]

1. Nf3 Nc6 2. d4 d5 3. Bf4 Bf5 4. c3 Nf6 5. e3 e6 6. Nbd2 Bd6 7. Ne5 Bxe5 8.
Bxe5 Nxe5 9. dxe5 Nd7 10. f4 Qe7 11. Nf3 h6 12. Nd4 Be4 13. Nf3 c6 14. Bd3 Nc5
15. Bxe4 Nxe4 16. g3 g6 17. Qc2 a6 18. Nd2 Nc5 19. O-O O-O-O 20. b4 Nd7 21. a4
Rdg8 22. Rfb1 f5 23. c4 g5 24. cxd5 exd5 25. b5 Qe6 26. bxc6 bxc6 27. Qb3 Kd8
28. Qb4 gxf4 29. exf4 h5 30. Nf3 h4 31. Ng5 Rxg5 32. fxg5 Qxe5 33. Re1 Qc7 34.
Qe7+ Kc8 35. Rab1 Qa7+ 36. Kh1 hxg3 37. h4 Rxh4+ 38. Kg2 Qf2# 0-1

[Event "Challenge"]
[Site "http://www.queenalice.com/game.php?id=1863961"]
[Date "2025.10.7"]
[Round "-"]
[White "marcomasa"]
[Black "maurice916"]
[Result "1-0"]
[WhiteElo "2122"]
[BlackElo "1857"]

1. e4 c6 2. Bc4 d5 3. exd5 cxd5 4. Bb3 Nf6 5. Nf3 Nc6 6. d4 Bg4 7. Be3 e6 8. h3
Bxf3 9. Qxf3 Be7 10. Nc3 O-O 11. g4 Rc8 12. h4 Nd7 13. g5 g6 14. O-O-O a6 15.
Rdg1 Re8 16. h5 Na5 17. hxg6 Nxb3+ 18. axb3 fxg6 19. Qh3 Bxg5 20. Qxh7+ Kf8 21.
Bxg5 Qc7 22. Qh8+ 1-0

[Event "Challenge"]
[Site "http://www.queenalice.com/game.php?id=1864011"]
[Date "2025.10.8"]
[Round "-"]
[White "jogo"]
[Black "marcomasa"]
[Result "0-1"]
[WhiteElo "1871"]
[BlackElo "2131"]

1. e4 e5 2. Nf3 Nc6 3. c3 Bc5 4. d4 exd4 5. cxd4 Bb4+ 6. Nc3 d6 7. Bb5 Bd7 8. d5
Ne5 9. Bxd7+ Qxd7 10. Nxe5 dxe5 0-1